000 00448nam a2200157 4500
001 113745
003 ES-MaACL
005 20230906190009.0
007 t|
008 061121s1911 sp r ||||1| spa d
100 1 _aNogueras, Enrique.
_985880
245 1 4 _aLos estados hemorragiparos en la infancia /
_cEnrique Nogueras.
260 _aMadrid :
_b[s.n.],
_c1911 (
_fImp. Casa Vidal)
300 _a41 p. ;
_c22 cm.
852 _aES-MaACL
_jT-1315-F-7
999 _c113745
_d113745